A Numerical Tool for the Analysis of Bioinspired Aquatic Locomotion / (Record no. 615986)
[ view plain ]
| 000 -LEADER | |
|---|---|
| fixed length control field | 00556nam a22001697a 4500 |
| 003 - CONTROL NUMBER IDENTIFIER | |
| control field | NUST |
| 005 - DATE AND TIME OF LATEST TRANSACTION | |
| control field | 20260202125954.0 |
| 008 - FIXED-LENGTH DATA ELEMENTS--GENERAL INFORMATION | |
| fixed length control field | 260202b ||||| |||| 00| 0 eng d |
| 020 ## - INTERNATIONAL STANDARD BOOK NUMBER | |
| International Standard Book Number | 978-3031305474 |
| 082 ## - DEWEY DECIMAL CLASSIFICATION NUMBER | |
| Classification number | 570 |
| 100 ## - MAIN ENTRY--PERSONAL NAME | |
| Personal name | Bianchi, Giovanni. |
| 9 (RLIN) | 133008 |
| 245 ## - TITLE STATEMENT | |
| Title | A Numerical Tool for the Analysis of Bioinspired Aquatic Locomotion / |
| Remainder of title | SpringerBriefs in Applied Sciences and Technology/ |
| Statement of responsibility, etc. | Bianchi, Giovanni. |
| 260 ## - PUBLICATION, DISTRIBUTION, ETC. | |
| Place of publication, distribution, etc. | Switzerland: |
| Name of publisher, distributor, etc. | Springer, |
| Date of publication, distribution, etc. | 2023. |
| 300 ## - PHYSICAL DESCRIPTION | |
| Extent | 76 p; |
| Dimensions | 5.98 x 0.08 x 9.13 inches. |
| 563 ## - BINDING INFORMATION | |
| Binding note | Hardcover |
| 942 ## - ADDED ENTRY ELEMENTS (KOHA) | |
| Source of classification or shelving scheme | |
| Koha item type | Book |
| Withdrawn status | Lost status | Source of classification or shelving scheme | Damaged status | Not for loan | Permanent Location | Current Location | Date acquired | Total Checkouts | Full call number | Barcode | Date last seen | Price effective from | Koha item type |
|---|---|---|---|---|---|---|---|---|---|---|---|---|---|
| Institute of Geographical Information Systems (IGIS) | Institute of Geographical Information Systems (IGIS) | 02/02/2026 | 570 | IGIS-55 | 02/02/2026 | 02/02/2026 | Book |
